Gran enciclopedia del mundo / (Record no. 59297)

MARC details
000 -LEADER
campo de control de longitud fija 01479nam a2200241 i 4500
001 - NÚMERO DE CONTROL
campo de control 59297
003 - IDENTIFICADOR DE NÚMERO DE CONTROL
campo de control ES-MaACL
005 - FECHA Y HORA DE LA ÚLTIMA TRANSACCIÓN
campo de control 20231227062627.0
007 - CAMPO FIJO DE DESCRIPCIÓN FÍSICA--INFORMACIÓN GENERAL
campo de control de longitud fija t|
008 - DATOS DE LONGITUD FIJA--INFORMACIÓN GENERAL
campo de control de longitud fija 031028m19611967sp ||||1| spa d
245 00 - MENCIÓN DEL TÍTULO
Título Gran enciclopedia del mundo /
Mención de responsabilidad, etc. bajo los auspicios de don Ramón Menéndez Pidal ; y la colaboración... de 16 premios Nobel ; prólogo general de Julián Marías ; director, Francisco M. Biosca.
260 ## - PUBLICACIÓN, DISTRIBUCIÓN, ETC.
Lugar de publicación, distribución, etc. Bilbao :
Nombre del editor, distribuidor, etc. Durvan,
Fecha de publicación, distribución, etc. [1961-1967]
300 ## - DESCRIPCIÓN FÍSICA
Extensión 21 v. :
Otras características físicas il. ;
Dimensiones 27 cm.
505 8# - NOTA DE CONTENIDO CON FORMATO
Nota de contenido con formato Contiene: XX. Léxico / con un prólogo de Julio Casares - XXI. Apéndice 1967
505 8# - NOTA DE CONTENIDO CON FORMATO
Nota de contenido con formato 1. A-Andamán - 2. Andarai-Ayuthia - 3. Ayutla-buceo - 4. Bucer-cerusita - 5. Cervantes-crosopterigios - 6. Cross-eco - 7. Ecolalia-Españoleto - 8. Espárrago-francio - 9. Francis-Gutagamba - 10. Gutapercha-intolerancia - 11. Intoxicación-linotipia - 12. Lins-Metepe - 13. Metge-nitrogenoideos - 14. Nitroglicerina-pericráneo - 15. Peridotita-química general - 16. Química tecnológica-Santaella - 17. Santa Eufemia-templarios - 18. Temple-Vía Láctea - 19. Viale-Zyl. Metrología. Índice y mapas - 20. Léxico / prólogo de Julio Casares - 21. Apéndice 1967
650 ## - PUNTO DE ACCESO ADICIONAL DE MATERIA--TÉRMINO DE MATERIA
Término de materia o nombre geográfico como elemento de entrada Enciclopedias.
9 (RLIN) 12235
700 1# - ENTRADA AGREGADA--NOMBRE PERSONAL
Nombre de persona Menéndez Pidal, Ramón,
Fechas asociadas al nombre 1869-1968
9 (RLIN) 80315
700 1# - ENTRADA AGREGADA--NOMBRE PERSONAL
Nombre de persona Marías, Julián,
Fechas asociadas al nombre 1914-2005
9 (RLIN) 76688
700 1# - ENTRADA AGREGADA--NOMBRE PERSONAL
Nombre de persona Biosca, Francisco M.
9 (RLIN) 28945
700 1# - ENTRADA AGREGADA--NOMBRE PERSONAL
Nombre de persona Casares, Julio,
Fechas asociadas al nombre 1877-1964
9 (RLIN) 36157
852 4# - LOCALIZACIÓN
Ubicación ES-MaACL
Número de control de estantería C-27574-94
Holdings
Estatus retirado Estado de pérdida Estado de daño No para préstamo Colección Biblioteca de origen Biblioteca actual Ubicación en estantería Fecha de adquisición Fuente de adquisición Total de préstamos Signatura topográfica completa Código de barras Visto por última vez Precio de reemplazo Tipo de ítem Koha
        Colección de referencia Biblioteca del Ateneo de Madrid Biblioteca del Ateneo de Madrid Depósito 2 17/01/2008     C-27574-94 1062199 23/02/2023 23/02/2023 Libro impreso